Normal view
MARC view
- Zandwoort, R W .
Entry Personal Name
001 - CONTROL NUMBER
- control field: 1604
003 - CONTROL NUMBER IDENTIFIER
- control field: OSt
005 - DATE AND TIME OF LATEST TRANSACTION
- control field: 20161001141916.0
008 - FIXED-LENGTH DATA ELEMENTS
- fixed length control field: 161001|| aca||aabn | a|a d
040 ## - CATALOGING SOURCE
- Original cataloging agency: OSt
- Transcribing agency: OSt
100 ## - HEADING--PERSONAL NAME
- Personal name: Zandwoort, R W .
670 ## - SOURCE DATA FOUND
- Source citation: Work cat.: (OSt)8996: Zandwoort, R W ., Handbook of English Grammar / , 1965.
